La Gestió Local per unes polítiques d'ocupació més eficaces / Organització de Cooperació i Desenvolupament Econòmics (OCDE)
Descripción Física:
143 p. ; 21 cm
Colección:
Perspectiva ; 10
MARC
| LEADER | 00000nam a2200000Ia 4500 | ||
|---|---|---|---|
| 001 | 12125 | ||
| 008 | 160829s1998 xx 000 0 cat d | ||
| 080 | |a M-2-284 | ||
| 110 | 2 | |a Organització de Cooperació i Desenvolupament Econòmic |9 54196 | |
| 245 | |a La Gestió Local per unes polítiques d'ocupació més eficaces / Organització de Cooperació i Desenvolupament Econòmics (OCDE) | ||
| 260 | |a Barcelona : |b Diputació de Barcelona, Servei de Formació Local, |c 1998 | ||
| 300 | |a 143 p. ; |c 21 cm | ||
| 490 | |a Perspectiva ; 10 | ||
| 650 | |a Treball |9 32343 | ||
| 650 | 0 | |a Política d'ocupació |9 7017 | |
| 901 | |a Arxiu | ||
| 942 | |n 1 | ||
| 952 | |0 0 |1 0 |4 0 |6 M2284 |7 1 |9 45951 |a Arxiu |b Arxiu |d 2016-12-01 |l 0 |o M-2-284 |p 12125 |r 2016-12-01 00:00:00 |w 2016-12-01 |y ARXIU | ||
| 999 | |c 49452 |d 49452 | ||